Slovenská republika automapa s registrom obcí

Bibliographic Details
Corporate Author: Vojenský kartografický ústav (Harmanec, Slovensko) (Author)
Format: Book
Language:Multiple languages
Slovak
English
Hungarian
German
Polish
PhysicalDescription:1 mapa v obale fareb. 63x105 cm
Published: Harmanec Vojenský kartografický ústav 1997
ISBN:8080421269
Subjects:

MARC

LEADER 00000nam a2200000 a 4500
001 vtls001305262
003 SK-MaSNL
005 20260425222102.0
008 160415s1997 xo 0 mul
015 |a SNBC1997/04-01515 
020 |a 8080421269 
035 |a SNK000257483 
040 |a SNK  |b slo  |c SNK  |e AACR2 
041 0 |a slo  |a eng  |a hun  |a ger  |a pol 
044 |a xo  |c SK 
080 |a 656.1(437.6)(084.3)  |2 1981 
110 0 |a Vojenský kartografický ústav (Harmanec, Slovensko)  |4 aut  |9 32777 
245 1 |a Slovenská republika  |h kartografický dokument  |b automapa s registrom obcí  |c spracoval Vojenský kartografický ústav, š.p., Harmanec 
246 1 0 |a Slowakische Republik 
246 1 0 |a Slovak Republic 
246 1 0 |a Szlovák Köztársaság 
246 1 0 |a Słowacka republika 
246 1 1 |a Slowakische Republik 
246 1 1 |a Slovak Republic 
246 1 1 |a Szlovák Köztársaság 
246 1 1 |a Słowacka republika 
255 |a Mierka 1:500 000 
260 |a Harmanec  |b Vojenský kartografický ústav  |c 1997 
300 |a 1 mapa v obale  |b fareb.  |c 63x105 cm 
500 |a Súbež. názov, podnázov a vysvetl. aj angl., maď., nem. a poľ. 
500 |a Mapa obojs. Obs. inform., graf. mierka, 8 pl., rekl., vysvetl., zn. Red. uzávierka 30.4.1997 
651 7 |a Slovensko  |2 SNKPHgeo  |9 14231 
655 7 |a automapy  |2 SNKPH  |9 70659 
919 |a 80-8042-126-9 
923 |a automapa  |b skladaná  |c pre verejnosť 
958 |a CMP 
958 |a TL 
999 |c 543794  |d 545724 
952 |t P60, <04>, [BOOK], {604}  |a SNK  |b SNK  |y VYP  |7 0  |p 17A0100537  |o snkSLCm 1969 D1  |i snkKSP 10456/97  |0 0  |1 0  |4 0  |d 1997-10-08  |l 0  |r 2005-01-02 00:00:00  |w 2026-02-23 
952 |t P60, <03>, [BOOK], {603}  |a SNK  |b SNK  |y PREZ  |7 0  |p 17A0100536  |o snkSLCm 1969  |i snkKSP 10455/97  |0 0  |1 0  |4 0  |d 1997-10-08  |l 0  |r 2005-01-02 00:00:00  |w 2026-02-23